Normal view
MARC view
- شلبي، أحمد
Entry Personal Name
001 - CONTROL NUMBER
- control field: 36239
003 - CONTROL NUMBER IDENTIFIER
- control field: JO-AjAnu
005 - DATE AND TIME OF LATEST TRANSACTION
- control field: 20230606080043.0
008 - FIXED-LENGTH DATA ELEMENTS
- fixed length control field: 230606|| aca||aabn | a|a d
040 ## - CATALOGING SOURCE
- Original cataloging agency: JO-AjAnu
- Transcribing agency: JO-AjAnu
100 ## - HEADING--PERSONAL NAME
- Personal name: شلبي، أحمد
670 ## - SOURCE DATA FOUND
- Source citation: Work cat.: (JO-AjAnu)18606: شلبي، أحمد, author, موسوعة النظم والحضارة الإسلامية (1): تاريخ المناهج الإسلامية،مناهج التعليم في صدر الإسلام،إنحرافاتها في عصور الظلام،وجوب تصحيحها